[Event "Dresden ZMD op"]
[Site "Dresden"]
[Date "2005.07.30"]
[Round "8"]
[White "Schmidt, Carsten"]
[Black "Jungbluth, Michael"]
[Result "1-0"]
[WhiteElo "2158"]
[BlackElo "2028"]
[PlyCount "41"]
[EventDate "2005.07.23"]
[EventType "swiss"]
[EventRounds "9"]
[EventCountry "GER"]
[SourceTitle "EXT 2006"]
[Source "ChessBase"]
[SourceDate "2005.11.24"]
[SourceVersion "1"]
[SourceVersionDate "2005.11.24"]
[SourceQuality "1"]

1. e4 d6 2. d4 Nf6 3. Bc4 Nxe4 4. Bxf7+ Kxf7 5. Qh5+ g6 6. Qd5+ e6 7. Qxe4 Bg7 8. Nf3 Re8 9. Bg5 Qd7 10. Nc3 e5 11. Be3 c6 12. dxe5 Bxe5 13. Qh4 Kg8 14. Nxe5 dxe5 15. Ne4 Qe7 16. Bg5 Qb4+ 17. c3 Qxb2 18. Nf6+ Kf8 19. Qh6+ Kf7 20. Qxh7+ Ke6 21. 0-0 1-0

[Event "Dresden ZMD op"]
[Site "Dresden"]
[Date "2003.07.26"]
[Round "2"]
[White "Babar, Michael"]
[Black "Schmidt, Carsten"]
[Result "1-0"]
[WhiteElo "2202"]
[BlackElo "2137"]
[PlyCount "83"]
[EventDate "2003.07.25"]
[EventType "swiss"]
[EventRounds "9"]
[EventCountry "GER"]
[SourceTitle "EXT 2004"]
[Source "ChessBase"]
[SourceDate "2003.11.25"]
[SourceVersion "1"]
[SourceVersionDate "2003.11.25"]
[SourceQuality "1"]

1. e4 e5 2. Nf3 Nf6 3. Nc3 Bb4 4. a3 Bxc3 5. dxc3 0-0 6. Bg5 d6 7. Bc4 Qe7 8. Qe2 Be6 9. 0-0-0 a6 10. Kb1 Nbd7 11. Nd2 b5 12. Bd5 Bxd5 13. exd5 h6 14. Bxf6 Nxf6 15. Nf1 Qd7 16. Rg1 Qg4 17. f3 Qa4 18. g4 Nh7 19. Ne3 a5 20. h4 Qf4 21. Rdf1 b4 22. Ng2 Qf6 23. cxb4 axb4 24. axb4 Rfb8 25. Qe4 Ra4 26. c3 c5 27. dxc6 Qe6 28. Rd1 Nf6 29. c7 Rba8 30. Qc6 R4a6 31. c8Q+ Qxc8 32. Qxc8+ Rxc8 33. Ne3 g6 34. Nd5 Kg7 35. b5 Ra5 36. Nxf6 Kxf6 37. Rxd6+ Ke7 38. Rd5 Ke6 39. Rgd1 Rb8 40. Rd7 Rb6 41. c4 f5 42. c5 1-0

[Event "Dresden ZMD op"]
[Site "Dresden"]
[Date "2002.??.??"]
[Round "9"]
[White "Schmidt, Carsten"]
[Black "Oney, Fatmanur"]
[Result "1-0"]
[WhiteElo "2130"]
[BlackElo "2290"]
[PlyCount "89"]
[EventDate "2002.07.18"]
[EventType "swiss"]
[EventRounds "9"]
[EventCountry "GER"]
[SourceTitle "EXT 2003"]
[Source "ChessBase"]
[SourceDate "2002.11.25"]
[SourceVersion "1"]
[SourceVersionDate "2002.11.25"]
[SourceQuality "1"]

1. e4 e6 2. d4 d5 3. exd5 exd5 4. c4 Nf6 5. Nc3 Be7 6. Bd3 0-0 7. Nge2 dxc4 8. Bxc4 c6 9. 0-0 Nbd7 10. Nf4 a5 11. a3 Nb6 12. Ba2 Bd6 13. Be3 Bg4 14. Qd3 Qc7 15. g3 Qd7 16. Bb1 g6 17. f3 Bf5 18. Qe2 Rfe8 19. Bxf5 Qxf5 20. Qf2 Bf8 21. Rae1 Nbd5 22. g4 Qd7 23. Bc1 Nxc3 24. bxc3 Nd5 25. Qb2 Nxf4 26. Bxf4 b5 27. Be5 Qd5 28. Qc1 Re6 29. f4 Rae8 30. h3 f6 31. Bxf6 Re2 32. Rxe2 Rxe2 33. Rf2 Rxf2 34. Kxf2 Qa2+ 35. Kg3 Bxa3 36. Qe3 Kf7 37. Be5 Be7 38. f5 gxf5 39. gxf5 Qc2 40. Qf3 b4 41. Qh5+ Kf8 42. Qh6+ Kf7 43. Qxh7+ Kf8 44. Qh6+ Kf7 45. Qg6+ 1-0

[Event "Kreuzberg 2000"]
[Site "Berlin"]
[Date "2000.07.27"]
[Round "6"]
[White "Schmidt, Carsten"]
[Black "Hansen, Kay"]
[Result "0-1"]
[WhiteElo "2028"]
[BlackElo "2227"]
[PlyCount "76"]
[EventDate "2000.07.??"]
[EventType "swiss"]
[EventRounds "9"]
[EventCountry "GER"]
[SourceTitle "EXT 2001"]
[Source "ChessBase"]
[SourceDate "2000.11.22"]
[SourceVersion "1"]
[SourceVersionDate "2000.11.22"]
[SourceQuality "1"]

1. e4 c6 2. d4 d5 3. exd5 cxd5 4. c4 e6 5. Nc3 Nf6 6. Nf3 Be7 7. Bd3 0-0 8. 0-0 Bd7 9. Ne5 dxc4 10. Bxc4 Nc6 11. Be3 Rc8 12. Bd3 Nb4 13. Bb1 Nbd5 14. Qd3 Nb4 15. Qe2 Bc6 16. a3 Nbd5 17. Nxc6 Rxc6 18. Ne4 Qc7 19. Bd3 Rc8 20. Qf3 a5 21. h4 Qb6 22. Ng5 h6 23. Ne4 Kf8 24. Nxf6 Bxf6 25. Be4 Rd8 26. Bxd5 Rxd5 27. Qe4 Bxd4 28. Rad1 Rcd6 29. Rxd4 Rxd4 30. Qh7 Qb5 31. Bxd4 Rxd4 32. Qh8+ Ke7 33. Qxg7 Rxh4 34. Qg3 Qh5 35. Qc7+ Kf8 36. f3 Qd5 37. g3 Rc4 38. Kg2 Rxc7 0-1

[Event "Kreuzberg 2000"]
[Site "Berlin"]
[Date "2000.07.25"]
[Round "4"]
[White "Fruebing, Thomas"]
[Black "Schmidt, Carsten"]
[Result "1-0"]
[WhiteElo "2168"]
[BlackElo "2028"]
[PlyCount "103"]
[EventDate "2000.07.??"]
[EventType "swiss"]
[EventRounds "9"]
[EventCountry "GER"]
[SourceTitle "EXT 2001"]
[Source "ChessBase"]
[SourceDate "2000.11.22"]
[SourceVersion "1"]
[SourceVersionDate "2000.11.22"]
[SourceQuality "1"]

1. e4 e5 2. Nf3 Nc6 3. Nc3 Nf6 4. Bb5 Bc5 5. 0-0 d6 6. d3 0-0 7. Bg5 Bg4 8. Bxc6 bxc6 9. h3 Be6 10. Na4 Bb6 11. d4 exd4 12. Nxb6 cxb6 13. Qxd4 c5 14. Bxf6 Qxf6 15. Qxf6 gxf6 16. Rfd1 Rad8 17. Rd2 f5 18. exf5 Bxf5 19. Rad1 d5 20. Rxd5 Rxd5 21. Rxd5 Bxc2 22. Rd7 Re8 23. Rxa7 Bd3 24. b3 Re2 25. Rb7 Rxa2 26. Rxb6 Rb2 27. Rc6 Rxb3 28. Rxc5 Rb2 29. Rc3 Bg6 30. Rc7 Kg7 31. Rd7 Bf5 32. Rd2 Rxd2 33. Nxd2 Kf6 34. Kh2 Bd3 35. Kg3 Kf5 36. Kf3 h5 37. Kg3 Kg5 38. Nf3+ Kf5 39. Kh4 Kf4 40. Kxh5 Bf1 41. Ne1 Be2+ 42. Kh6 Bf1 43. Kg7 Bc4 44. Kf6 Bd5 45. g3+ Ke4 46. h4 Kd4 47. h5 Kc3 48. g4 Kd2 49. h6 Kxe1 50. h7 Kxf2 51. h8Q Kg3 52. Ke5 1-0

[Event "Kreuzberg 2000"]
[Site "Berlin"]
[Date "2000.07.24"]
[Round "3"]
[White "Schmidt, Carsten"]
[Black "Lohse, Steffen"]
[Result "1-0"]
[WhiteElo "2028"]
[BlackElo "1689"]
[PlyCount "67"]
[EventDate "2000.07.??"]
[EventType "swiss"]
[EventRounds "9"]
[EventCountry "GER"]
[SourceTitle "EXT 2001"]
[Source "ChessBase"]
[SourceDate "2000.11.22"]
[SourceVersion "1"]
[SourceVersionDate "2000.11.22"]
[SourceQuality "1"]

1. e4 d5 2. Nc3 dxe4 3. Nxe4 Bf5 4. Qf3 Bxe4 5. Qxe4 c6 6. Bc4 e6 7. Nf3 Nf6 8. Qe2 Bd6 9. 0-0 0-0 10. d4 Nd5 11. Bd3 Nf4 12. Bxf4 Bxf4 13. Qe4 Bxh2+ 14. Nxh2 g6 15. Qf4 Nd7 16. Rfe1 Nf6 17. Qe5 Nd7 18. Qd6 Nf6 19. Qxd8 Raxd8 20. c3 Rfe8 21. Bc4 Kg7 22. Nf3 h5 23. Rad1 Kf8 24. Ne5 Kg7 25. Re3 Nh7 26. Rde1 Re7 27. b4 Rc7 28. a4 a6 29. a5 Nf6 30. Bb3 Ne8 31. Nd3 Rd6 32. Nc5 Re7 33. Rf3 Nf6 34. Rxf6 1-0